Gas del estado; aspectos de su obra presente y futura /
Guardado en:
| Formato: | Libro |
|---|---|
| Publicado: |
Buenos Aires :
,
1961
|
| Materias: | |
| Etiquetas: |
Agregar Etiqueta
Sin Etiquetas, Sea el primero en etiquetar este registro!
|
| LEADER | 00516nam a22001695a 4500 | ||
|---|---|---|---|
| 001 | CEM.cems000589 | ||
| 008 | 130507s1961##################000#0#####d | ||
| 005 | 20241111091844.0 | ||
| 245 | 0 | 0 | |a Gas del estado; aspectos de su obra presente y futura / |
| 260 | |a Buenos Aires : |b , |c 1961 | ||
| 300 | |a 138 p. | ||
| 082 | 0 | 4 | |a 380.16 |
| 653 | |a Argentina-gasoductos | ||
| 653 | |a Gas del estado-argentina | ||
| 653 | |a Gas natural-consumo | ||
| 653 | |a Gas natural-redes | ||
| 859 | |a CEMS |b BIB. CEMS - 11 de abril |h 380.16 |i Ar37 |p 9818.81 |t Ej.1 | ||
